HOUGHTON MIFFLIN TYPEWRIING, KEYBOARD MASTERING AND APPLICATION (Record no. 575423)

000 -LEADER
fixed length control field 00339nam a22001217a 4500
020 ## - INTERNATIONAL STANDARD BOOK NUMBER
International Standard Book Number 0-395-41928-X
082 ## - DEWEY DECIMAL CLASSIFICATION NUMBER
Classification number 652.3 CHI'H
100 ## - MAIN ENTRY--PERSONAL NAME
Personal name KUTSKO, J. P, STODDARD, T. D, CHIRI, J. A
9 (RLIN) 67708
245 ## - TITLE STATEMENT
Title HOUGHTON MIFFLIN TYPEWRIING, KEYBOARD MASTERING AND APPLICATION
260 ## - PUBLICATION, DISTRIBUTION, ETC.
Place of publication, distribution, etc. BOSTON
Name of publisher, distributor, etc. HOUGHTON
Date of publication, distribution, etc. 1987
300 ## - PHYSICAL DESCRIPTION
Extent 282P
942 ## - ADDED ENTRY ELEMENTS (KOHA)
Koha item type Book
Holdings
Withdrawn status Lost status Damaged status Not for loan Permanent Location Current Location Shelving location Date acquired Total Checkouts Full call number Barcode Date last seen Price effective from Koha item type
        College of Electrical & Mechanical Engineering (CEME) College of Electrical & Mechanical Engineering (CEME) General Stacks 08/01/2017   652.3 CHI'H CEME-27780 06/28/2021 06/28/2021 Book
© 2023 Central Library, National University of Sciences and Technology. All Rights Reserved.